00421nam a2200193Ia 4500003000900000008004100009040001300050040001300063041000800076100002200084245003200106250000900138260002100147260000900168300001100177300001000188490002300198490000600221IT-RoPAU120407s9999 xx 000 0 und d aIT-RoPAU cIT-RoPAU aita aGiacomo Alberione aSantificazione della mente. aRoma aEdizioni Paoline c1956 a136 p. c15 cm a Uso manoscritto. v1